000 00285nam a22001337a 4500
008 170926b xxu||||| |||| 00| 0 eng d
020 _a0471807087
041 _aeng
080 _a37
100 _a46
101 _aEDU
245 _aEFFECTIVE WRITING
_cTICHY.H.J
942 _2udc
_cBK
999 _c29755
_d29755